Sports Quiz

Random Sports or Basketball Quiz

Top 100 NBA Players 2020 Sports Illustrated Quiz Stats

 Plays Quiz not verified by Sporcle

Score 0/100 Timer 15:00
0 Plays Today
Team Player % Correct
LakersAnthony Davis
100%
WarriorsStephen Curry
100%
LakersLeBron James
100%
RocketsRussell Westbrook
98.8%
HeatJimmy Butler
98.8%
Trail BlazersDamian Lillard
98.8%
ClippersPaul George
98.8%
NuggetsNikola Jokic
98.8%
76ersJoel Embiid
98.8%
RocketsJames Harden
98.8%
ClippersKawhi Leonard
98.8%
LakersDanny Green
97.6%
JazzDonovan Mitchell
97.6%
WarriorsDraymond Green
97.6%
NetsKyrie Irving
97.6%
TimberwolvesKarl-Anthony Towns
97.6%
RaptorsKyle Lowry
96.4%
76ersBen Simmons
96.4%
ThunderChris Paul
96.4%
PistonsBlake Griffin
96.4%
SpursLaMarcus Aldridge
96.4%
JazzRudy Gobert
96.4%
BucksGiannis Antetokounmpo
95.2%
NetsJoe Harris
95.2%
BullsThaddeus Young
95.2%
HawksTrae Young
95.2%
76ersTobias Harris
95.2%
NuggetsGary Harris
95.2%
CavaliersKevin Love
95.2%
PacersVictor Oladipo
95.2%
MavericksKristaps Porzingis
95.2%
PistonsAndre Drummond
95.2%
CelticsJayson Tatum
95.2%
SunsDevin Booker
95.2%
Team Player % Correct
MavericksLuka Doncic
95.2%
CelticsKemba Walker
95.2%
RocketsClint Capela
94%
WarriorsD'Angelo Russell
94%
RaptorsMarc Gasol
94%
Trail BlazersCJ McCollum
94%
BucksKhris Middleton
94%
JazzMike Conley
94%
WizardsBradley Beal
94%
76ersAl Horford
94%
WarriorsKlay Thompson
92.9%
ClippersLou Williams
92.9%
MagicNikola Vucevic
92.9%
ThunderSteven Adams
92.9%
SpursDeMar DeRozan
92.9%
PelicansJrue Holiday
92.9%
RaptorsPascal Siakam
92.9%
TimberwolvesAndrew Wiggins
90.5%
SpursDejounte Murray
90.5%
CelticsJaylen Brown
90.5%
RocketsEric Gordon
90.5%
MagicAaron Gordon
90.5%
PacersMyles Turner
90.5%
BucksEric Bledsoe
90.5%
NuggetsJamal Murray
90.5%
KingsDe'Aaron Fox
89.3%
BullsZach LaVine
85.7%
BucksBrook Lopez
85.7%
KingsBuddy Hield
85.7%
PelicansBrandon Ingram
84.5%
JazzBojan Bogdanovic
84.5%
NuggetsPaul Millsap
84.5%
BullsLauri Markkanen
83.3%
HawksJohn Collins
83.3%
Team Player % Correct
KnicksJulius Randle
82.1%
SpursDerrick White
81%
Trail BlazersJusuf Nurkic
81%
JazzJoe Ingles
79.8%
ThunderDanilo Gallinari
79.8%
PacersMalcolm Brogdon
77.4%
GrizzliesJaren Jackson
75%
RocketsP.J. Tucker
75%
PelicansJJ Redick
75%
CelticsGordon Hayward
75%
SunsRicky Rubio
73.8%
NetsJarrett Allen
72.6%
CelticsMarcus Smart
72.6%
76ersJosh Richardson
72.6%
RaptorsSerge Ibaka
71.4%
ClippersMontrezl Harrell
71.4%
BullsOtto Porter
70.2%
PelicansDerrick Favors
69%
LakersKyle Kuzma
66.7%
PacersDomantas Sabonis
66.7%
NetsDeAndre Jordan
65.5%
KingsHarrison Barnes
65.5%
TimberwolvesRobert Covington
65.5%
TimberwolvesJeff Teague
64.3%
NetsCaris LeVert
63.1%
GrizzliesJonas Valanciunas
60.7%
ClippersPatrick Beverley
60.7%
NetsSpencer Dinwiddie
59.5%
MagicTerrence Ross
47.6%
HeatBam Adebayo
45.2%
GrizzliesAndre Iguodala
39.3%
MagicAl-Farouq Aminu
19%

You're not logged in!

Compare scores with friends on all Sporcle quizzes.
OR
Log In

Sporcle TV

Today on Sporcle TV


Watch our educational content, quiz creation guides, and fun videos on Sporcle TV.

Show Comments

Extras

Top Quizzes Today


Score Distribution

Your Account Isn't Verified!

In order to create a playlist on Sporcle, you need to verify the email address you used during registration. Go to your Sporcle Settings to finish the process.

Report this User

Report this user for behavior that violates our Community Guidelines.

Details: